header

Milton (Record no. 216942)

MARC details
000 -LEADER
fixed length control field 01395nam a2200361Ia 4500
100 1# - MAIN ENTRY--AUTHOR NAME
Personal name Loewenstein, David.
245 10 - TITLE STATEMENT
Title Milton
250 ## - EDITION STATEMENT
Edition statement 2nd ed.
260 ## - PUBLICATION, DISTRIBUTION, ETC. (IMPRINT)
Place of publication Cambridge ;
-- New York :
Name of publisher Cambridge University Press,
Year of publication 2004.
300 ## - PHYSICAL DESCRIPTION
Number of Pages xix, 136 p.
490 1# - SERIES STATEMENT
Series statement Landmarks of world literature
500 ## - GENERAL NOTE
General note Previous ed.: 1993.
650 #0 - SUBJECT ADDED ENTRY--TOPICAL TERM
Topical Term Epic poetry, English
Topical Term Fall of man in literature.
856 40 - ELECTRONIC LOCATION AND ACCESS
Uniform Resource Identifier http://site.ebrary.com/lib/rucke/Doc?id=10120432

No items available.

© 2026 Rongo University
Contact us: librarian | system librarian | Rongo university